000 00546nam a2200181Ia 4500
999 _c35974
_d35974
003 OSt
005 20201201110232.0
008 190216s9999||||xx |||||||||||||| ||und||
020 _a0198573979
040 _coclc
082 _a612.76
_bMAR/B
100 _aMargaria, Rodolfo
_97081
245 0 _aBiomechanics And Energetics Of Muscular Exercise /
_cRodolfo Margaria
260 _bClarendon Press Oxford,
_c1976.
_a London:
300 _a141p
650 _aBiomechanics
942 _cREF
_2ddc
_h612.76
_iMAR/B
_k612.76
_mMAR/B